000 00304nam a22001217a 4500
008 230627b xxu||||| |||| 00| 0 eng d
082 _a338.9
_bJDS 1999
245 _aThe Journal of Development Studies
260 _aUK
_bFrank Cass Publishers
_c1999
300 _a152p
440 _n2
_v36
942 _2ddc
_cBK
999 _c2872
_d2872